| 000 | 01328namaa22003251i 4500 | ||
|---|---|---|---|
| 005 | 20260502122437.0 | ||
| 008 | 260409s1995 ua a|||frm||| 000 0 eng d | ||
| 040 |
_aEG-GICUC _beng _cEG-GICUC _dEG-GICUC _erda |
||
| 041 | 0 |
_aeng _beng _bara |
|
| 049 | _aDeposit | ||
| 097 | _aM.Sc | ||
| 099 | _aCai01.11.01.M.Sc.1995.Sa.G. | ||
| 100 | 0 |
_aSamir Ahmed El-Kafrawy, _epreparation. |
|
| 245 | 1 | 0 |
_aGastric Acidity & Anaesthetic Risk / _cBy Samir Ahmed El-Kafrawy ; Supervisors Prof. Dr. Abd-El Mageed Taha, Dr. Maher Fawzy Mahmoud, Dr. Walid Ibrahim Hamimy |
| 246 | 1 | 5 | _aحموضة المعدة والخطورة علي التخدير |
| 264 | 0 | _c1995. | |
| 300 |
_a131 Leaves : _billustrations _c30 cm. + |
||
| 336 |
_2rda content _atext |
||
| 337 |
_2rdamedia _aUnmediated |
||
| 338 |
_2rdacarrier _avolume |
||
| 502 | _aThesis (M.Sc.)-Cairo University, 1995 | ||
| 504 | _aBibliography: pages 113-131 | ||
| 653 | 0 |
_aGastric Acidity _aAnaesthetic Risk |
|
| 700 | 0 |
_aAbd-El Mageed Taha _ethesis advisor. |
|
| 700 | 0 |
_aMaher Fawzy Mahmoud _ethesis advisor. |
|
| 700 | 0 |
_aWalid Ibrahim Hamimy _ethesis advisor. |
|
| 900 |
_DDepartment of Anaesthesiology _FFaculty of Medicine _UCairo University _b1995 _cAbd-El Mageed Taha _cMaher Fawzy Mahmoud _cWalid Ibrahim Hamimy |
||
| 905 |
_aNehad _eNourhan |
||
| 942 |
_2ddc _cTH _e21 _n0 |
||
| 999 | _c179330 | ||